MARC

LEADER 00000nam0a2200000 4500
001 356371
005 20231102010904.0
035 |a (RuTPU)RU\TPU\retro\13631 
090 |a 356371 
100 |a 20200720d1976 km y0rusy50 ca 
101 0 |a rus 
102 |a RU 
105 |a a z 001zy 
200 1 |a Микроэлементы в минералах  |e [сборник статей]  |f Академия наук СССР, Дальневосточный научный центр, Дальневосточный геологический институт 
210 |a Владивосток  |c [Б. и.]  |d 1976 
215 |a 112 с.  |c ил. 
320 |a Библиография в конце статей 
606 1 |a Микроэлементы в минералах  |2 stltpush  |3 (RuTPU)RU\TPU\subj\43875  |9 63316 
610 1 |a базиты 
610 1 |a гипербазиты 
610 1 |a минералы 
610 1 |a элементы-примеси 
610 1 |a распределение 
610 1 |a гранитоиды 
610 1 |a рудогенные элементы 
610 1 |a Приамурье 
610 1 |a золоторудные месторождения 
610 1 |a формирование 
610 1 |a гидротермальные растворы 
610 1 |a изменение во времени 
610 1 |a изменение в пространстве 
610 1 |a роговые обманки 
610 1 |a химизм 
610 1 |a турмалин 
610 1 |a нахождение 
610 1 |a олово 
675 |a 553.21/.24  |v 4 
712 0 2 |a Академия наук СССР  |b Дальневосточный научный центр  |b Дальневосточный геологический институт  |c (Владивосток)  |2 stltpush  |3 (RuTPU)RU\TPU\col\11563  |9 25185 
801 1 |a RU  |b 63413507  |c 20200720 
801 2 |a RU  |b 63413507  |c 20210203  |g RCR 
942 |c BK